Statistics for Countries with a Majority Orthodox Christian Population

Click here to take the quiz!

General Stats

  • This quiz has been taken 242 times
  • The average score is 12 of 15

Answer Stats

% Country % Correct
59Russia
100%
88Greece
96%
52Ukraine
95%
87Romania
94%
86Serbia
94%
71Bulgaria
92%
55Belarus
87%
88Georgia
84%
99Armenia
83%
93Moldova
83%
65Macedonia
82%
72Montenegro
79%
78Cyprus
69%
55Ethiopia
52%
57Eritrea
40%

Score Distribution

Percentile by Number Answered

Percent of People with Each Score

Your Score History

You have not taken this quiz